00663 2200241 4500001002100000005001500021035002000036007000300056008004100059020002200100082001000122084001600132100002000148245007600168250001000244260003800254300003400292650002400326700002400350520002500374990001100399990001100410INLIS00000000000450620191127111221 a0010-1119000133ta191127 g 0 ind  a978-602-6563-46-0 a641.5 a641.5 REV a0 aREVA, Divantary1 aAneka Resep Kopi Maknyuss /cReva Divantary; editor, Intan Dewi Nuraini acet.1 a[s.l] :bSenja Media Utama,c2017 avi, 57 hlm. :bilus. ;c21 cm 4aMAKANAN. RESEP KOPI0 aINTAN, Dewi Nuraini aBibliografi: hlm. 57 a7193 a a7193 b